Un asimétrico escenario de relaciones : valoración de dirigentes mapuche acerca de las relaciones interétnicas. Análisis desde un enfoque triangular /

Este artículo reflexiona en torno a la visión que tienen tres dirigentes mapuche de organizaciones del sector urbano, acerca de las relaciones que estos establecen con el Estado, con otros ciudadanos no mapuche y con personas que pertenecen a su propio pueblo. Este análisis se complementa con observ...

Descripción completa

Detalles Bibliográficos
Autor principal: Milla Curiñanco, Cristián
Otros Autores: Rubilar Donoso, Gabriela
Formato: Analitica de revista
Lenguaje:español
Publicado: Santiago, Chile Universidad Academia de Humanismo Cristiano 2015
Materias:
Acceso en línea:Acceso electrónico al documento

MARC

LEADER 00000cab a2200000 a 4500
001 025579
003 UAHC_CL
005 20180803142159.0
008 160406s2015 cl 000 spa
952 |0 0  |1 0  |4 0  |6 ANTROPOLOGIAS_DEL_SUR03_15_000000000000000  |7 0  |8 General  |9 51754  |a BC  |b BC  |c General  |d 2017-08-03  |l 0  |o ANTROPOLOGIAS DEL SUR-03/15  |p FICTICIO17223  |r 2019-01-08 00:00:00  |t 1  |w 2017-08-03  |y REVA 
999 |c 25579  |d 25579 
040 |a UAHC_CL  |c UAHC_CL  |d UAHC_CL 
100 1 |a Milla Curiñanco, Cristián 
245 1 3 |a Un asimétrico escenario de relaciones :  |b valoración de dirigentes mapuche acerca de las relaciones interétnicas. Análisis desde un enfoque triangular /  |c Cristián Milla Curiñanco, Gabriela Rubilar Donoso. 
260 |b Universidad Academia de Humanismo Cristiano  |c 2015  |a Santiago, Chile 
300 |a p. 31-49 
362 0 |a Año 1, no. 1 (nov. 2002)- . 
362 0 |a Año 1, no. 1 (nov. 2002)- . 
500 |a En: Antropologías del Sur. No. 3, junio 2015. pp. 31-49. ISSN: 07194498 
520 |a Este artículo reflexiona en torno a la visión que tienen tres dirigentes mapuche de organizaciones del sector urbano, acerca de las relaciones que estos establecen con el Estado, con otros ciudadanos no mapuche y con personas que pertenecen a su propio pueblo. Este análisis se complementa con observaciones realizadas en instancias locales de participación. Se constata que estas relaciones poseen un carácter asimétrico ya que muchas veces se han construido desde visiones colonialistas que se reproducen en el tiempo, situación que se acrecienta en el caso de aquellos mapuche que viven en el sector urbano. El artículo finaliza con una reflexión acerca de los procesos de descolonización de estas relaciones, que recoge los aportes y perspectivas de los entrevistados, quienes sugieren distintas formas de valoración y reconocimiento del conocimiento mapuche. 
650 4 |a COLONIA 
650 4 |a DESCOLONIZACION 
650 4 |a MAPUCHES 
700 1 |a Rubilar Donoso, Gabriela 
773 0 |t Antropologías del Sur : revista de la Escuela de Antropología.  |w 025559 
856 |u http://www.revistaantropologiasdelsur.cl/wp-content/uploads/2015/07/rubilarmilla_31-49.pdf  |y Acceso electrónico al documento 
900 |a ANTROPOLOGIAS DEL SUR-03/15 
942 |c REVA  |2 ddc